<?xml version="1.0" encoding="UTF-8"?>
<record
    xmlns:xsi="http://www.w3.org/2001/XMLSchema-instance"
    xsi:schemaLocation="http://www.loc.gov/MARC21/slim http://www.loc.gov/standards/marcxml/schema/MARC21slim.xsd"
    xmlns="http://www.loc.gov/MARC21/slim">

  <leader>02131nam a2200289 a 4500</leader>
  <controlfield tag="001">BRCA_9024</controlfield>
  <controlfield tag="005">20190320210510.0</controlfield>
  <controlfield tag="008">250717s1785----sp-ab#####---#000-0#spa-#</controlfield>
  <datafield tag="041" ind1=" " ind2=" ">
    <subfield code="a">spa</subfield>
  </datafield>
  <datafield tag="044" ind1=" " ind2=" ">
    <subfield code="a">sp</subfield>
  </datafield>
  <datafield tag="084" ind1=" " ind2=" ">
    <subfield code="a">LE14</subfield>
    <subfield code="b">.Q37 1785</subfield>
  </datafield>
  <datafield tag="245" ind1="1" ind2="0">
    <subfield code="a">Quaresma del P. Fr. Antonio Andres, letor de sagrada theologia, escritor publico de su Orden, Regente de Estudios, Calificador del Santo Oficio y custodio actual de su provincia de Descalzos</subfield>
    <subfield code="b">tomo I: quien lo dedica a Christo crucificado</subfield>
    <subfield code="c">del P. Fr. Antonio Andres, letor de sagrada theologia, escritor publico de su Orden, Regente de Estudios, Calificador del Santo Oficio y Custodio actual de su Provincia de Descalzos</subfield>
  </datafield>
  <datafield tag="260" ind1=" " ind2=" ">
    <subfield code="a">Valencia</subfield>
    <subfield code="b">Por Benito Monfort</subfield>
    <subfield code="c">1785</subfield>
  </datafield>
  <datafield tag="300" ind1=" " ind2=" ">
    <subfield code="a">344 p. (t.1)</subfield>
    <subfield code="c">20.8 x 15.3 cm</subfield>
  </datafield>
  <datafield tag="500" ind1=" " ind2=" ">
    <subfield code="a">Con licencia de Real Consejo</subfield>
  </datafield>
  <datafield tag="500" ind1=" " ind2=" ">
    <subfield code="a">Con marca de fuego: &#x201C;Procedencia de la marca: Convento de San Francisco de Quer&#xE9;taro(1). Instituci&#xF3;n: Orden de Frailes Menores. Provincia de San Pedro y San Pablo de Michoac&#xE1;n. Descripci&#xF3;n: Tres iniciales separadas: &#xB4;C&#xB4;, &#xB4;S&#xB4; y &#xB4;Q&#xB4; en cuya silueta se agreg&#xF3; el resto del texto: C[onvento] S[an Francisco] Q[uer&#xE9;taro]. Luego el escudo franciscano de las 5 llagas inscrito en un c&#xED;rculo formado del cord&#xF3;n franciscano. Observaciones: Rafael Sala, Carlos Krausse y David Saavedra Vega la catalogan como perteneciente al Convento de San Francisco de Quer&#xE9;taro. Ubicaci&#xF3;n de la marca en el libro: Canto superior, inferior y frontal&#x201D;</subfield>
  </datafield>
  <datafield tag="500" ind1=" " ind2=" ">
    <subfield code="a">En portada: Al fin del tercer tomo hay una aplicaci&#xF3;n de los Sermones de la Quaresma &#xE0; las Dominicas de entre a&#xF1;o.</subfield>
  </datafield>
  <datafield tag="500" ind1=" " ind2=" ">
    <subfield code="a">Estado f&#xED;sico: presenta encuadernaci&#xF3;n en pergamino, con lomo semi desprendido y cintas rotas</subfield>
  </datafield>
  <datafield tag="650" ind1="1" ind2="4">
    <subfield code="a">Sermones de cuaresma</subfield>
    <subfield code="9">21531</subfield>
  </datafield>
  <datafield tag="650" ind1="1" ind2="4">
    <subfield code="a">Iglesia cat&#xF3;lica</subfield>
    <subfield code="x">Sermones</subfield>
    <subfield code="9">21286</subfield>
  </datafield>
  <datafield tag="650" ind1="1" ind2="4">
    <subfield code="a">Cuaresma</subfield>
    <subfield code="x">Sermones</subfield>
    <subfield code="9">21287</subfield>
  </datafield>
  <datafield tag="700" ind1="1" ind2=" ">
    <subfield code="a">Antonio Andr&#xE9;s</subfield>
    <subfield code="c">Fray</subfield>
    <subfield code="9">21275</subfield>
  </datafield>
  <datafield tag="700" ind1="1" ind2=" ">
    <subfield code="a">Monfort, Benito</subfield>
    <subfield code="e">Impresor</subfield>
    <subfield code="9">22379</subfield>
  </datafield>
  <datafield tag="856" ind1=" " ind2=" ">
    <subfield code="a">http://www.marcasdefuego.buap.mx:8180/xmLibris/projects/firebrand/item.jsp?repository=marcas_de_fuego&amp;key=d6defe3d.xml&amp;num=14</subfield>
  </datafield>
  <datafield tag="902" ind1=" " ind2=" ">
    <subfield code="a">CFM</subfield>
  </datafield>
  <datafield tag="942" ind1=" " ind2=" ">
    <subfield code="2">lcc</subfield>
    <subfield code="c">B</subfield>
  </datafield>
  <datafield tag="999" ind1=" " ind2=" ">
    <subfield code="c">8675</subfield>
    <subfield code="d">8675</subfield>
  </datafield>
  <datafield tag="952" ind1=" " ind2=" ">
    <subfield code="0">0</subfield>
    <subfield code="1">0</subfield>
    <subfield code="4">0</subfield>
    <subfield code="7">0</subfield>
    <subfield code="a">BRCA</subfield>
    <subfield code="b">BRCA</subfield>
    <subfield code="d">2017-07-25</subfield>
    <subfield code="l">0</subfield>
    <subfield code="o">LE14 .Q37 1785</subfield>
    <subfield code="p">CFM00399</subfield>
    <subfield code="r">2019-03-22 00:00:00</subfield>
    <subfield code="w">2019-03-22</subfield>
    <subfield code="y">B</subfield>
  </datafield>
</record>
